000 00788nam a22002297a 4500
999 _c15765
_d15765
003 MIRAKIL
005 20240322151838.0
008 240322b tu ||||| |||| 00| 0 tur d
020 _a9789751630216
040 _aTR-AnCHP
_cTR-AnCHP
041 _atur
082 _a818.4209
_bK26m 2015
100 _aKaravelioğlu, Murat A.
245 1 0 _aMecmu'a-i kaşa'id-i Türkiyye /
_cMurat A. Karavelioğlu
260 _aAnkara :
_bTürk Dil Kurumu Yayınları,
_c2015.
300 _a1200 s. ;
_c24 cm.
490 0 _aAtatürk Kültür, Dil ve Tarih Kurumu Türk Dil Kurumu yayınları ;
_v1139.
504 _aBibliyografik bilgi içerir
650 0 _919
_aTürk edebiyatı
856 _zDijital Nüshası için Partimizin Kütüphane Sorumlusu ile iletişime geçiniz.
942 _2ddc
_cBKS